Classroom applications of micro-computers (Record no. 79397)

MARC details
000 -LEADER
fixed length control field 00656nam a2200145 a 4500
008 - FIXED-LENGTH DATA ELEMENTS--GENERAL INFORMATION
fixed length control field 120416s0000 ||||||||||||||||| || u
020 ## - INTERNATIONAL STANDARD BOOK NUMBER
International Standard Book Number 002946417X
050 ## - LIBRARY OF CONGRESS CALL NUMBER
Classification number LB 1028.5 Bul
100 ## - MAIN ENTRY--PERSONAL NAME
Personal name Bullough, Robert V
245 10 - TITLE STATEMENT
Title Classroom applications of micro-computers
260 ## - PUBLICATION, DISTRIBUTION, ETC.
Place of publication, distribution, etc. New York
Name of publisher, distributor, etc. Maxwell McMillan
Date of publication, distribution, etc. 1991
350 ## -
-- 0.00
995 ## -
-- ANNEX COLLECTION (Main Library)
-- 0.00
-- 723440
-- CBU-MAIN LIBRARY (Kitwe)
-- 2
-- 10.00
-- LB 1028.5 Bul
-- 2
-- AVAILABLE
-- 009648
-- Annex Low-Usage Collection
995 ## -
-- ANNEX COLLECTION (Main Library)
-- 0.00
-- 723441
-- CBU-MAIN LIBRARY (Kitwe)
-- 1
-- 10.00
-- LB 1028.5 Bul
-- 1
-- AVAILABLE
-- 009647
-- Annex Low-Usage Collection
999 ## -
-- 79397
-- 79397
Holdings
Withdrawn status Lost status Source of classification or shelving scheme Damaged status Not for loan Permanent Location Current Location Shelving location Date acquired Total Checkouts Full call number Barcode Date last seen Copy number Price effective from Koha item type
          CBU-MAIN LIBRARY, KITWE. CBU-MAIN LIBRARY, KITWE.   06/29/2023   LB 1028.5 Bul 009648 06/29/2023 1 06/29/2023 MONOGRAPH
          CBU-MAIN LIBRARY, KITWE. CBU-MAIN LIBRARY, KITWE.   06/29/2023   LB 1028.5 Bul 009647 06/29/2023 2 06/29/2023 MONOGRAPH